| 000 | 00552nam a2200157 a 4500 | ||
|---|---|---|---|
| 001 | 000044671 | ||
| 005 | 20240229073823.0 | ||
| 008 | 141215s2011 dr a 000 0 spa d | ||
| 020 | _a9789945877205 | ||
| 040 |
_aDO-SdBNP _bspa _cBNPHU |
||
| 082 |
_axxxx _bxxxx |
||
| 100 | 1 |
_aSubero Isa, Jorge A., _d1947- _976863 |
|
| 245 | 1 | 3 |
_aLa actual organización de los departamentos judiciales del Distrito Nacional y Santo Domingo : _bsu complejidad / _cJorge A. Subero Isa. |
| 260 |
_aSanto Domingo : _bPoder Judicial, _c2011. |
||
| 300 |
_a63 p. : _bil. ; _c23 cm. |
||
| 999 |
_c44160 _d44160 |
||